खेल/ (Record no. 202041)

MARC details
000 -LEADER
fixed length control field 00833nam a22001817a 4500
005 - DATE AND TIME OF LATEST TRANSACTION
control field 20240409155932.0
010 ## - LCCN (DPL NO)
LC control number HIN-127304
020 ## - INTERNATIONAL STANDARD BOOK NUMBER
Terms of availability 101.00
035 ## - SYSTEM CONTROL NUMBER
System control number HN-99650
037 ## - SOURCE OF ACQUISITION
Source of stock number/acquisition DBAD
082 ## - DEWEY DECIMAL CLASSIFICATION NUMBER
Classification number 821
Edition number द्वितीय
100 ## - MAIN ENTRY--PERSONAL NAME
Personal name पाण्डेय स्वामीनाथ
245 ## - TITLE STATEMENT
Title खेल/
Statement of responsibility, etc स्वामीनाथ पाण्डेय
260 ## - PUBLICATION, DISTRIBUTION, ETC. (IMPRINT)
Date of publication, distribution, etc 2018
Place of publication, distribution, etc फैजाबाद
Name of publisher, distributor, etc अभिव्यक्ति प्रकाशन
270 ## - ADDRESS
Address 12/1/53- E , आनन्दबाग़ , कनीगंज , अयोध्या , फैजाबाद - 224123 ( उ॰ प्र॰ )
300 ## - PHYSICAL DESCRIPTION
Extent 118पृ;
Dimensions 22सेमी॰/(साजिल्लिद)
942 ## - ADDED ENTRY ELEMENTS (KOHA)
Source of classification or shelving scheme Dewey Decimal Classification
Item type Hindi Books
Classification part 821
Call number suffix स्वामीनाथ पाण्डेय
Edition द्वितीय

No items available.


© Delhi Public Library
Hit Counter
free hit counter